000 00505nam a2200193Ia 4500
003 GCL
008 140319s9999 xx 000 0 eng d
040 _aGCL /
_cGCL
082 0 4 _a607.1
_bD G
100 1 _aGARRATT, JAMES
245 1 0 _aDESIGN AND TECHNOLOGY /
_cGARRATT, JAMES
260 _aنيويورك :
_bCAMBRIBGE UNIVERSITY PRESS ،
_c1995
300 _a319 P
650 0 4 _aالتحليل الرياضى
650 0 4 _aENERGY
650 0 4 _aELECTRONICS
650 0 4 _aDESIGN
942 _2ddc
_cBK
999 _c19815
_d19815